Un medio alternativo para el desarrollo rural centroamericano: Memoria /
Uloženo v:
| Hlavní autor: | |
|---|---|
| Další autoři: | , |
| Médium: | Text |
| Jazyk: | Spanish |
| Vydáno: |
San José:
Universidad de Costa Rica. Oficina de Publicaciones ;
1995
|
| Témata: | |
| Tagy: |
Přidat tag
Žádné tagy, Buďte první, kdo vytvoří štítek k tomuto záznamu!
|
MARC
| LEADER | 00000 a a2200000 04500 | ||
|---|---|---|---|
| 001 | 10505 | ||
| 003 | cru IIS | ||
| 005 | 20220304135632.0 | ||
| 008 | 210608b1995 cr ||||| |||| 00| 0 spa d | ||
| 020 | |a 9977-15-047-8 | ||
| 040 | |a Centro de Recursos para el Aprendizaje y la Investigación |b Español |c cru IIS | ||
| 090 | |a 14.04.02 B687m | ||
| 100 | |a Bolaños Arquín, Margarita | ||
| 245 | |a Un medio alternativo para el desarrollo rural centroamericano: |b Memoria / |c Margarita Bolaños Arquín | ||
| 260 | |a San José: |b Universidad de Costa Rica. Oficina de Publicaciones ; |c 1995 | ||
| 300 | |a 176 páginas | ||
| 500 | |a Colección Centroamérica | ||
| 650 | |a SISTEMAS AGRICOLAS |0 TESAUROS | ||
| 650 | |a AGRICULTURA |0 TESAUROS | ||
| 650 | |a PRACTICAS DE CULTIVO |0 TESAUROS | ||
| 650 | |a DESARROLLO AGROPECUARIO |0 TESAUROS | ||
| 650 | |a TECNOLOGIA |0 TESAUROS | ||
| 650 | |a DESARROLLO SUSTENTABLE |0 TESAUROS | ||
| 650 | |a MODERNIZACION |0 TESAUROS | ||
| 700 | |a | ||
| 700 | |a Sánchez Pereira, Maureen | ||
| 700 | |a comp | ||
| 852 | 1 | 1 | |a 14.04.02 B687m |
| 942 | |2 ddc |c LI |h 14.04.02 B687m |k 14.04.02 |m B687m |6 140402_B687M | ||
| 999 | |c 1246 |d 1246 | ||



